中国一二线城市 市政府驻地(区级)Government residences in 1st and 2nd tier cities - Statistics

General Stats
  • This quiz has been taken 89 times
  • The average score is 19 of 47
Answer Stats
城市 政府驻地 % Correct
上海 黄浦
85%
广州 越秀
74%
深圳 福田
74%
北京 通州
71%
杭州 上城
71%
重庆 渝中
66%
苏州 姑苏
62%
福州 鼓楼
59%
成都 武侯
57%
青岛 市南
57%
佛山 禅城
56%
南京 玄武
53%
长沙 岳麓
51%
厦门 思明
51%
合肥 蜀山
50%
宁波 鄞州
49%
济南 历下
47%
武汉 江岸
46%
西安 未央
46%
天津 河西
40%
无锡 滨湖
38%
嘉兴 南湖
38%
温州 鹿城
37%
金华 婺城
37%
石家庄 长安
37%
昆明 呈贡
34%
哈尔滨 松北
32%
珠海 香洲
32%
郑州 中原
31%
惠州 惠城
29%
南通 崇川
29%
绍兴 越城
29%
沈阳 浑南
28%
大连 西岗
26%
南昌 红谷滩
26%
常州 新北
25%
兰州 城关
25%
南宁 青秀
24%
贵阳 观山湖
24%
徐州 云龙
24%
太原 杏花岭
21%
泉州 丰泽
18%
长春 南关
16%
临沂 兰山
16%
烟台 莱山
13%
保定 竞秀
12%
潍坊 奎文
12%
No matching quizzes found
Score Distribution
Percent of People with Each Score
Percentile by Number Answered
Your Score History
You have not taken this quiz